Normal view
MARC view
- Multiprogramming (Electronic computers)
Entry Topical Term
001 - CONTROL NUMBER
- control field: 99641
003 - CONTROL NUMBER IDENTIFIER
- control field: NUST
005 - DATE AND TIME OF LATEST TRANSACTION
- control field: 20221010114633.0
008 - FIXED-LENGTH DATA ELEMENTS
- fixed length control field: 221010|| aca||aabn | a|a d
040 ## - CATALOGING SOURCE
- Original cataloging agency: NUST
- Transcribing agency: NUST
150 ## - HEADING--TOPICAL TERM
- Topical term or geographic name entry element: Multiprogramming (Electronic computers)
670 ## - SOURCE DATA FOUND
- Source citation: Work cat.: (NUST)0: Herlihy, Maurice, author. 99640, The art of multiprocessor programming /
